000 00485nam a2200205Ia 4500
005 20230923094916.0
008 131103s9999 xx 000 0 und d
040 _aLoreto College
041 _aEnglish
082 _a294.5
_bSEN
100 _aSen,K M
245 _aHinduism
_cK M Sen
260 _aHarmondsworth
_bPenguin books
_c1969
300 _a160p.
440 _aA Pelican original
504 _aIncludes index
650 _aHinduism
850 _aLCLIB
942 _cBK
999 _c23216
_d73695